000 00683nam a22002537a 4500
999 _c265
_d265
001 000103
003 CoMeUDC000103
005 20181129214234.0
008 990616s1999 mx r 00010 spa d
020 _a9706130470
035 _aAGS2356 IE
040 _aie
_cCoMeUDC
041 0 _aspa
082 0 4 _a330
_bR829
_221.ed.
100 _aRossetti, José Paschoal.
_9506
245 1 0 _aIntroducción a la economía /
_cJosé Paschoal Rossetti.
250 _a15.ed.
260 _aMéxico :
_bOxford University Press,
_c1999.
300 _axxx, 722 p. ;
_c22 cm.
504 _aBibliografía: p. 705-717.
650 0 _aEconomía.
_9507
942 _2ddc
_cBK
949 _an
_bn